Challenges in the mexican financial sector
Na minha lista:
| Autor principal: | |
|---|---|
| Formato: | Livro |
| Idioma: | inglês |
| Publicado em: |
Paris
OECD
2002
|
| Colecção: | Economics department working papers
No. 339 |
| Assuntos: | |
| Tags: |
Sem tags, seja o primeiro a adicionar uma tag!
|
MARC
| LEADER | 00000nam a2200000 4500 | ||
|---|---|---|---|
| 001 | c142196 | ||
| 005 | 20221124092135.5 | ||
| 041 | 0 | |a eng | |
| 044 | |a FR | ||
| 245 | 1 | 0 | |a Challenges in the mexican financial sector |c by Marcos Bonturi |
| 264 | 1 | |a Paris |b OECD |c 2002 | |
| 300 | |a 49 s. | ||
| 490 | 1 | |a Economics department working papers |v No. 339 | |
| 830 | 0 | |a Economics department working papers |v No. 339 | |
| 610 | 2 | 0 | |a sektory hospodárske |
| 610 | 2 | 0 | |a financie |
| 610 | 2 | 0 | |a politika finančná |
| 610 | 2 | 0 | |a bankovníctvo |
| 610 | 2 | 0 | |a kríza finančná |
| 610 | 2 | 0 | |a politika peňažná |
| 610 | 2 | 0 | |a trh kapitálový |
| 610 | 2 | 0 | |a poistenie |
| 610 | 2 | 0 | |a depozity bankové |
| 610 | 2 | 0 | |a banky |
| 610 | 2 | 0 | |a dozor |
| 610 | 2 | 0 | |a Mexiko |
| 100 | 1 | |a Bonturi, Marcos | |